Central Library OPAC University of Rajshahi

Magnificence, a moral play / (Record no. 56049)

MARC details
000 -LEADER
fixed length control field 00927nam a2200241 a 4500
001 - CONTROL NUMBER
control field 56049
003 - CONTROL NUMBER IDENTIFIER
rucl marc code BD-RjUL
005 - DATE AND TIME OF LATEST TRANSACTION
control field 20211209080340.0
008 - FIXED-LENGTH DATA ELEMENTS--GENERAL INFORMATION
fixed length control field 161124s1908 enkh b 001 0 eng
035 ## - SYSTEM CONTROL NUMBER
System control number (BD-RjUL)56173
040 ## - CATALOGING SOURCE
Original cataloging agency DLC
Transcribing agency DLC
Modifying agency BD-RjUL
Language of cataloging eng
041 ## - LANGUAGE CODE
Language code of text/sound track or separate title eng
082 ## - DEWEY DECIMAL CLASSIFICATION NUMBER
Edition number 23
Classification number 822.2
Author mark and year SKM 1908
100 1# - MAIN ENTRY--PERSONAL NAME
Personal name Skelton, John,
Dates associated with a name 1460?-1529.
9 (RLIN) 166848
245 10 - TITLE STATEMENT
Title Magnificence, a moral play /
Statement of responsibility, etc. John Skelton ; edited by Robert Lee Ramsay
260 ## - PUBLICATION, DISTRIBUTION, ETC. (IMPRINT)
Place of publication, distribution, etc. Manchester :
Name of publisher, distributor, etc. Manchester University Press ;
Place of publication, distribution, etc. Baltimore :
Name of publisher, distributor, etc. Johns Hopkins University Press,
Date of publication, distribution, etc. 1908
300 ## - PHYSICAL DESCRIPTION
Pagination xvi, 229 p. :
Illustrations facsim ;
Size 21 cm
504 ## - BIBLIOGRAPHY, ETC. NOTE
Bibliography, etc Includes bibliographical references and index
600 ## - SUBJECT ADDED ENTRY--PERSONAL NAME
Personal name Skelton, John, 1460?-1529
650 ## - SUBJECT ADDED ENTRY--TOPICAL TERM
Topical term or geographic name as entry element English drama
Form subdivision Early modern and Elizabethan
9 (RLIN) 166850
700 1# - ADDED ENTRY--PERSONAL NAME
Personal name Ramsay, Robert Lee
942 ## - ADDED ENTRY ELEMENTS (KOHA)
Source of classification or shelving scheme Dewey Decimal Classification
Koha item type Books
Holdings
Lost status Source of classification or shelving scheme Damaged status Not for loan Collection code Permanent Location Current Location Shelving location Date acquired Source of acquisition Cost, normal purchase price Total Checkouts Full call number Date last seen Copy number Koha item type
  Dewey Decimal Classification     Non-fiction Central Library, University of Rajshahi Central Library, University of Rajshahi   08/08/1955 O.U.P. Dacca 32.20   822.2 SKM 1908 24/11/2016 C-2 Books